Creating brand personality of success (Record no. 189205)
[ view plain ]
| 000 -LEADER | |
|---|---|
| fixed length control field | 00415nam a2200145Ia 4500 |
| 008 - FIXED-LENGTH DATA ELEMENTS--GENERAL INFORMATION | |
| fixed length control field | 231217s9999 xx 000 0 und d |
| 041 ## - LANGUAGE CODE | |
| Language code of text/sound track or separate title | English |
| 082 ## - DEWEY DECIMAL CLASSIFICATION NUMBER | |
| Classification number | 658.827 ALA;1 R |
| 100 ## - MAIN ENTRY--PERSONAL NAME | |
| Personal name | Alagiri, Dhandapani ed. Kalai Selvan N ed. |
| 245 #0 - TITLE STATEMENT | |
| Title | Creating brand personality of success |
| 260 ## - PUBLICATION, DISTRIBUTION, ETC. | |
| Date of publication, distribution, etc. | 2007 |
| Name of publisher, distributor, etc. | Icfai |
| Place of publication, distribution, etc. | Hyderabad |
| 300 ## - PHYSICAL DESCRIPTION | |
| Extent | xii, 205 |
| 650 ## - SUBJECT ADDED ENTRY--TOPICAL TERM | |
| Topical term or geographic name entry element | Creating,brand,personality,success |
| 942 ## - ADDED ENTRY ELEMENTS (KOHA) | |
| Koha item type | Books |
| Date last seen | Total checkouts | Full call number | Accession number | Cost, total (INR) price | Price effective from | Category | Public note | Lost status | Damaged status | Department | Withdrawn status | Home library | Current library | Shelving location | Entry date | Vendor | Cost, normal purchase price | Grants | Billnumber | Billdate | Currency symbol | Conversion rate | Discount | Old discount |
|---|---|---|---|---|---|---|---|---|---|---|---|---|---|---|---|---|---|---|---|---|---|---|---|---|
| 26/01/2024 | 658.827 ALA;1 R | 66031 | 38.00 | 26/01/2024 | Books | 66031 | Central Library | Central Library | Central Library | Central Library | 27/09/2010 | ICFAI Press | 38.00 | MBA | 1993 | 24/09/2014 | RS | 1 | ||||||
| 26/01/2024 | 658.827 ALA;2 R1 | 66032 | 38.00 | 26/01/2024 | Books | 66032 | F-Block Annex | Central Library | Central Library | F-Block Library Annex | 27/09/2010 | ICFAI Press | 38.00 | MBA | 1993 | 24/09/2014 | RS | 1 |
